Dictámenes 2003

محفوظ في:
التفاصيل البيبلوغرافية
مؤلف مشترك: Consejo Económico y Social (مؤلف)
التنسيق: كتاب
اللغة:الإسبانية
منشور في: Madrid Consejo Económico y Social 2004
الطبعة:1a. ed
سلاسل:Colección Dictámenes, 11
الموضوعات:
الوسوم: إضافة وسم
لا توجد وسوم, كن أول من يضع وسما على هذه التسجيلة!

MARC

LEADER 00000nam a2200000 a 4500
001 UCK4564
003 CL-VaPUC
008 050610e20040200SP |||||||||||||||||spa|d
020 |a 848188202X 
082 0 4 |a 348.4601  |b CON  |2 21 
110 2 |a Consejo Económico y Social  |e author  |9 493113 
245 1 0 |a Dictámenes 2003 
250 |a 1a. ed 
300 |a 186 p 
942 |c BK 
945 |d 20050610 00:00:00  |a jcarroza 
260 |a Madrid  |b Consejo Económico y Social  |c 2004 
650 7 |a LEGISLACION SOCIAL  |2 CL-VaPUC  |9 257176 
650 0 |a Derecho administrativo  |9 254851 
651 0 |a España  |9 254926 
583 |a last modification  |c 20050610 00:00:00  |k Rodrigo Vera 
490 0 |a Colección Dictámenes, 11 
999 |c 313391  |d 313389 
952 |0 0  |1 0  |4 0  |6 348_460100000000000_CON_2004  |7 0  |8 A  |9 384719  |a BIBGIM  |b BIBGIM  |d 2019-11-22  |i 4100093  |o 348.4601 CON 2004  |p 4100093  |r 2025-01-15  |w 2019-11-22  |y BK  |k GIM